| 000 | 00477 a2200169 4500 | ||
|---|---|---|---|
| 003 | OSt | ||
| 005 | 20231222160141.0 | ||
| 008 | 231222b |||||||| |||| 00| 0 eng d | ||
| 020 | _a9789370556299 | ||
| 040 | _coclc | ||
| 082 |
_a891.431 _bDHO/S |
||
| 100 |
_aDhoomil _910196 |
||
| 245 |
_aSUDAMA PANDEY KA PRAJATANTRA / _cDhoomil |
||
| 260 |
_aNew Delhi: _bVani Prakashan, _c2019. |
||
| 300 | _a131p | ||
| 942 |
_2ddc _cBK _h891.431 _iDHO/S _k891.431 _mDHO/S |
||
| 999 |
_c43534 _d43534 |
||